000 00680nam a22002297a 4500
005 20170124105951.0
010 _a985419
020 _c00.00
035 _a985419
037 _bCen Lib/Ret
040 _aDPL
_bEN
082 _a332.41
_bDUA
100 _aDua, R. C.
_913626
245 _aEconomics of inflation /
_cby R. C. Dua
260 _aDelhi
_bResearchco Publications
_c1980
270 _a199, East Azad Nagar
_bDelhi
_e110051
300 _aviii,149p.
_c21cm(Hb)
500 _aIncludes bibliographic references and index
650 _aEconomics of inflation
_913627
650 _aPrice inflation in India
_913628
942 _2ddc
_cEN
_h332.41
_mDUA
999 _c125291
_d125291